[Event "GER-ch U18 sf Berlin Online"]
[Site "Playchess.com INT"]
[Date "2020.05.01"]
[Round "4"]
[White "Jafarzadeh, Aria"]
[Black "Jiang, Philipp"]
[Result "1-0"]
[WhiteElo "1543"]
[BlackElo "1620"]
[PlyCount "171"]
[EventDate "2020.05.01"]
[EventType "swiss (blitz)"]
[EventRounds "13"]
[EventCountry "GER"]
[SourceTitle "CBM 195 Extra"]
[Source "ChessBase"]
[SourceDate "2020.05.31"]
[SourceVersion "1"]
[SourceVersionDate "2020.05.31"]
[SourceQuality "1"]

1. e4 e5 2. Nf3 Nc6 3. Bc4 Nf6 4. d3 Bc5 5. Nc3 h6 6. Be3 Bb6 7. Qd2 d6 8. 0-0-0 Bg4 9. h3 Bh5 10. g4 Bg6 11. Rhg1 Na5 12. h4 Nxc4 13. dxc4 Nxe4 14. Nxe4 Bxe4 15. Ne1 Qxh4 16. Bxb6 axb6 17. a3 0-0 18. g5 Qxg5 19. Rxg5 hxg5 20. Qxg5 Rfe8 21. Qh4 Bg6 22. Nd3 Re6 23. Rh1 f6 24. Qh8+ Kf7 25. Qxa8 Be4 26. Rh8 Kg6 27. Qxb7 Bxb7 28. Rh2 Kf7 29. Rh3 Bc8 30. Rg3 Re8 31. b3 Bf5 32. Kd2 Ke6 33. Re3 Ra8 34. a4 c6 35. Nf4+ Ke7 36. c3 Rh8 37. Ne2 Rh2 38. Rf3 Bg4 39. Rg3 Rh4 40. f3 Bf5 41. Rxg7+ Ke6 42. Rb7 Rf4 43. Rxb6 Rxf3 44. Rxc6 Be4 45. Rb6 Rd3+ 46. Ke1 Bf3 47. Kf2 Bxe2 48. Kxe2 Rxc3 49. a5 Rh3 50. a6 Rh8 51. b4 Kd7 52. b5 Kc7 53. Rc6+ Kd7 54. Ke3 Ra8 55. Ke4 Ke6 56. Rb6 Ra7 57. Kd3 Kd7 58. Rc6 Ke6 59. Kc3 Kd7 60. Kc2 Kd8 61. b6 Ke7 62. Rc7+ Rxc7 63. bxc7 Kd7 64. a7 Kxc7 65. a8Q Kd7 66. Qa7+ Ke6 67. Qb8 Kd7 68. Qb7+ Ke6 69. Kd3 f5 70. Ke2 Kf6 71. Qc8 Ke7 72. Qc7+ Ke6 73. Qc8+ Ke7 74. c5 dxc5 75. Qxc5+ Ke6 76. Kf2 Kf6 77. Ke3 Ke6 78. Qc8+ Kd5 79. Qe8 e4 80. Qf7+ Ke5 81. Qg7+ Ke6 82. Qg5 Ke5 83. Qh6 Kd5 84. Kf4 Kd4 85. Qh1 e3 86. Kxf5 1-0

[Event "GER-ch U18 sf Berlin Online"]
[Site "Playchess.com INT"]
[Date "2020.05.01"]
[Round "6"]
[White "Jafarzadeh, Aria"]
[Black "Torosyan, Bagrat"]
[Result "0-1"]
[WhiteElo "1543"]
[BlackElo "1620"]
[PlyCount "40"]
[EventDate "2020.05.01"]
[EventType "swiss (blitz)"]
[EventRounds "13"]
[EventCountry "GER"]
[SourceTitle "CBM 195 Extra"]
[Source "ChessBase"]
[SourceDate "2020.05.31"]
[SourceVersion "1"]
[SourceVersionDate "2020.05.31"]
[SourceQuality "1"]

1. e4 e5 2. Nf3 Nc6 3. Bc4 Bc5 4. Nc3 Nf6 5. d3 0-0 6. Bg5 h6 7. Bh4 Be7 8. 0-0 d6 9. Re1 Bg4 10. h3 Bh5 11. Qe2 Nd4 12. Qd1 Bxf3 13. gxf3 Nh5 14. Bxe7 Qxe7 15. Nb5 Nxb5 16. Bxb5 Nf4 17. Kf1 Qh4 18. Bd7 Qg5 19. Bg4 h5 20. Bf5 Qg2# 0-1